[Event "World-ch Tournament"]
[Site "Mexico City"]
[Date "2007.09.15"]
[Round "3"]
[White "Grischuk, Alexander"]
[Black "Aronian, Levon"]
[Result "1/2-1/2"]
[WhiteElo "2726"]
[BlackElo "2750"]
[Annotator "Marin,M"]
[PlyCount "61"]
[EventDate "2007.09.13"]
[EventType "tourn"]
[EventRounds "14"]
[EventCountry "MEX"]
[EventCategory "21"]
[SourceTitle "CBM 120"]
[Source "ChessBase"]
[SourceDate "2007.10.02"]
[SourceVersion "1"]
[SourceVersionDate "2007.10.02"]
[SourceQuality "1"]

1. e4 e5 2. Nf3 Nc6 3. Bb5 a6 4. Ba4 Nf6 5. O-O Be7 6. Re1 b5 7. Bb3 O-O 8. h3
Bb7 9. d3 {Nothing really new or thrilling so far... De momento, nada
emocionante o nuevo...} d5 $5 {But this looks quite unexpected! Aronian wants
to play in the spirit of the Marshall Attack irrespective of White's cautious
opening choice. At this level, the move has never been played before. Pero
esta jugada es bastante sorprendente. Aronian quiere jugar en el espiritu del
Ataque Marshall independentemente del prudente juego de las blancas en la
apertura. A este nivel, nadie ha jugado así todavía.} 10. exd5 Nxd5 11. c3 $5 {
After the text move, it was Aronian's turn to sink into deep thought. It
appears that play has just transposed to a different variation, where the
moves c3 and d3 are played in reversed order... Después de la jugada del texto,
fue Aronian quíen cayó en una larga reflexión. Resulta que la partida ha
transpuesto a una variante diferente, donde las jugadas c3 y d3 se efectuan en
orden inverso...} ({Grischuk played this move after a long thought. He
probably did not feel ready to check Aronian's analysis. The whole variation
had been successfully employed with Black earlier this year by Ivan Sokolov
and Peter Heine Nielsen. The main point is that after Grischuk efectuó esta
jugada tras un largo pensamiento. Probablemente, no se sintió capaz de
comprobar los analisis caseros de Aronian. Toda la variante había sido
empleada con éxito en 2007 por Ivan Sokolov y Peter Heine Nielsen. La idea
principal es que después de} 11. Nxe5 {Black does not capture on e5 (as he
does in the genuine Marshall Attack), but takes advantage of the fact that the
d4-square is not under white control with las negras no tienen que capturar en
e5 (como se hace en el Ataque Marshall "original"), sino aprovecharse de la
circunstancia que la casilla de d4 no está defendida con} Nd4 $1 {The idea is
not new in fact, previously it was seen in an under 16 girl competition (1996).
.. En realidad, la idea no es nueva, ya que fue jugada en una partidas de
chicas sub-16...} 12. Nc3 {White is best adviced to develop as quickly as
possible.} (12. Nf3 Nxb3 13. axb3 Nb4 14. Nbd2 Re8 15. d4 c5 16. c3 Nd3 17. Re3
Nf4 $44 {Brkic,A (2567)-Ivanisevic,I (2614)/Vogosca 2007/CBM 118 ext (1/2-1/2,
39)}) (12. Qg4 Nxb3 13. axb3 f5 14. Qf3 Rb8 15. Bf4 Bb4 16. Rf1 g5 $36 {
Spoelman,W (2428)-Sokolov,I (2655)/Hilversum 2007/CBM 119 (0-1, 34)}) 12...
Nxb3 13. axb3 Nb4 ({The initial game went} 13... Bf6 14. Bd2 Qd6 15. Nf3 Nxc3
16. Bxc3 Bxc3 17. bxc3 Rae8 {Ushakova,E-Koroleva,V/Kaluga 1996/EXT 2000 (1/2-1/
2, 48). with only light compensation for the pawn.}) 14. Bd2 ({White's setup
after} 14. d4 Re8 15. Be3 Bd6 16. Nd3 Re6 {Quezada,Y (2541)-Nielsen,P (2649)/
Havana 2007/CBM 118 ext (1/2-1/2, 21). looks slightly artificial, while
Black's threats become real.}) 14... f6 15. Ng4 f5 16. Ne5 Bd6 17. d4 ({
An attempt to improve over} 17. Na2 Bxe5 18. Rxe5 Nc6 19. Re1 f4 20. Bc3 f3 $36
{Timofeev,A (2658)-Sokolov,I (2655)/Sarajevo 2007/CBM 118 (0-1, 40). With the
white knight on a2 and in the presence of opposite coloured bishops, Black's
attack is quite strong.}) 17... Qh4 18. Ne2 f4 19. f3 Nd5 20. Nc3 Ne3 $5 21.
Bxe3 fxe3 22. Rxe3 Rad8 $44 {Georgiev,K (2660)-Ivanisevic,I (2614)/Valjevo
2007/CBM 119 (1/2-1/2, 62). Black has sacrificed a second pawn, but his
position is very active, while the dark squares in White's camp are
chronically weak. For White, it is difficult to display any form of activity.})
11... Bf6 ({In the most recent example at high level wher this position
occured (with reversed move order, though), Black prefered En el ejemplo más
reciente a nivel muy alto donde se llegó a esta posición (pero con orden
inverso de jugadas), las negras preferirieron} 11... Qd6 12. Nbd2 Rad8 13. Ne4
Qd7 {, with an acceptable position for Black, although he later went down
abruptly, Kamsky,G (2705)-Bacrot,E (2709)/Elista 2007/CBM 119/[Marin,M] (1-0,
36). conposición aceptable para las negras, aunque más tarde se derrumbaron
rapidamente en Kamsky - Bacrot, Elista (m) 2007.}) ({In my understanding, if
Black was ready to sacrifice a pawn on the previous move, the most consequent
continuation was} 11... Qd7 12. Nxe5 Nxe5 13. Rxe5 Rad8 {as in Zagrebelny,S 
(2480)-Giorgadze,G (2580)/Yerevan 1996/EXT 97 (0-1, 25), which was examined in
the notes to Kamsky- Bacrot. We shall soon see, however, that Giorgadze
himself opted for 11...Bf6 in a more recent game.}) 12. Nbd2 (12. a4 b4 13. a5
Rb8 14. d4 exd4 15. cxd4 Ba8 {(?!) Black is better developed and seems to have
an excellent position. However, the weakness of the queenside light squares
makes the situation far from one-sided.} 16. Bc4 Nde7 17. Bxa6 Nxd4 18. Nxd4
Bxd4 19. Nd2 Qd6 20. Bf1 Rbd8 21. Qg4 Ng6 22. Nb3 $14 {Aagaard,J (2477)
-Giorgadze,G (2610)/Torrelavega 2007/CBM 119 (1/2-1/2, 60). The outside passed
pawn promises White an advantage in any type of endgame.}) 12... Nf4 (12... g6
{is more cautious from the point of view of the kingside structure, but after.
parece más prudente.} 13. Ne4 Bg7 {the c5-square remains at the mercy of
White's minor pieces. One interesting continuation would be} 14. Bg5 f6 15. Nc5
Bc8 16. Nxe5 $5 Nxe5 17. Rxe5 c6 18. Rxd5 cxd5 19. Qf3 {and White will get two
pawns for the exchange and an active position.}) 13. Ne4 Nxd3 {Safely covering
the c5-square.} 14. Nxf6+ gxf6 15. Re4 ({A logical novelty over} 15. Bh6 Nxe1
16. Qxe1 {, as played in Szalanczy,E (2353)-Vajda,S (2387)/Balatonlelle 2002/
EXT 2004 (1-0, 34). White can use his already developed king's rook for
attacking purposes, rather than sacrificing it.}) 15... Nxc1 16. Rg4+ ({
This intermediate check was not really necessary. After the immediate} 16. Qxc1
{Black does not get the additional possibility of} Ne7 17. Rg4+ Ng6 $2 {
because of} 18. Qh6 {[%csl Gg6][%cal Yf3h4,Rb3g8] with decisive attack, for
instance} Bxf3 19. Rxg6+ hxg6 20. Qxg6+ Kh8 21. Qh6+ Kg8 22. gxf3 $18 {[%csl
Gg8][%cal Yg1h2,Ya1g1]}) 16... Kh8 17. Qxc1 {White's compensation for the
sacrificed pawn is beyond any doubt. The chronic weakness of the enemy
kingside offers him excellent atacking chances. Imagine Black's frustration:
he intended to sacrifice a pawn himself, in order to take over the initiative
and all he got is the opposite situation! La compensación de las blancas por
el peón entregado es muy obvía. La debilidad crónica del flanco de rey negro
les ofrece excelentes posibilidades de ataque. Imaginense la frustración de
las negras: intentaron entregar un peón para hacerse con la iniciativa, pero
¡todo salió al revés!} Ne7 18. Bc2 {The start of a massive migration of
White's pieces towards the enemy kingside. El inicio de una migración masiva
de las figuras blancas hacía el flanco de rey enemigo.} ({Now,} 18. Qh6 {
is parried by} Nf5) 18... Rg8 ({Avoiding the trap Evitando la celada} 18...
Bxf3 $4 19. Qh6 Ng6 20. Rh4 $3 {with mate to follow. seguído por mate.}) 19.
Qh6 Ng6 20. Nh4 Qf8 21. Qh5 Qe8 {[%csl Yg6]} (21... Bc6 {provides indirect
defence of the g6-square, but White can continue as in the game with} 22. Re1
$44 ({Black's idea becomes clear after} 22. Nxg6+ $6 fxg6 23. Bxg6 $2 Rxg6 $1
24. Rxg6 Be8 {, pointed out by Shipov.})) 22. Re1 Rd8 23. Bf5 Bc8 {After the
exchange of the bishops White will find outposts for all his pieces, but
Black's desire to to relieve the pressure aginst the g6-knight is
understandable.} (23... Rd2 24. Re3 Rxb2 $6 25. Reg3 $1 $40) 24. Bxc8 Rxc8 25.
Nf5 Qd7 26. Ree4 Rcd8 27. Kh2 $44 {Tempting Black to start his "counterattack.}
Qd1 $2 {Under no circumstances should Black have left the f5-knight unattacked.
White disposes over a more or less forced win now, but, unexpectedely,
Grischuk decides to force a draw. Las blancas han acabado su larga
reagrupación, pero, inesperadamente, Grischuk decidió forzar las tablas.} ({
Black cannot release the kingside tension in any way. For instance} 27... Nf8
$2 28. Rxg8+ Kxg8 29. Nh6+ Kg7 30. Ng4 $18) ({However, after a neutral move
such as} 27... c5 {White would find it difficult to make progress in any way
and a draw by mutual inactivity would have not been out of question. If, for
instance} 28. Rh4 {, Black can somewhat free himself with} Nf8 29. Reg4 Rg6)
28. Nh6 $6 ({Instead, he could have obtained an overwhelming advantage with En
vez de esto, podía haber obtenido una abrumadora ventaja con} 28. Qh6 $1 {
, threatening Rh4, and if ...Nxh4, then Qxf6+ followed by mate on g7. ,
amenazando Rh4, y si ...Nxh4, entonces Qxf6+ seguído por mate en g7.} Qd2 {
The only try. El único recurso defensivo.} 29. f4 $1 Rd6 ({Defending f6. If
Defendiendo f6. Sí} 29... exf4 30. Rh4 {, Black is forced to sacrifice the
queen with , las negras tendrían que entregar la dama con} Qxg2+ 31. Kxg2 Nxh4+
32. Kf2 Nxf5 {, but after , pero después de} 33. Qxf6+ Ng7 34. Rd4 {he is too
passive to count on saving the game. su posición es demasiado pásiva para
permitir salvar la partida.}) 30. fxe5 Qxh6 (30... fxe5 $6 {shortens Black's
suffering because of acortaría el sufrimiento de las negras por} 31. Rg5 $1 {
, with the terrible threat Qxh7+ followed by Rh5+ and mate on h6. , con la
terible amenaza Qxh7+ seguído por Rh5+ y mate en h6.}) 31. Nxh6 Rb6 32. exf6 $5
{The most ambitious continuation, although the g8-rook was not poisoned either.
La continuación más ambiciosa, aunque la torre de g8 tampoco estaba envenenada.
} Rf8 33. Ref4 $1 {White calmly defends his important f6-pawn and Black is
helpless in view of the threat h4-h5. The point is that Las blancas defienden
con calma su peón de f6, dejando a las negras sin esperanzas ante la amenaza
h4-h5. Lo importante es que el caballo no puede mover. Por ejemplo} Nxf4 {
allows mate in 2 with permitiría mate en dos con} 34. Rg8+ $1 Rxg8 35. Nxf7#)
28... Rg7 29. Nf5 Rgg8 30. Nh6 $4 Rg7 31. Nf5 1/2-1/2

[Event "World-ch Tournament"]
[Site "Mexico City"]
[Date "2007.09.16"]
[Round "4"]
[White "Kramnik, Vladimir"]
[Black "Grischuk, Alexander"]
[Result "1/2-1/2"]
[WhiteElo "2769"]
[BlackElo "2726"]
[Annotator "Marin,M"]
[PlyCount "120"]
[EventDate "2007.09.13"]
[EventType "tourn"]
[EventRounds "14"]
[EventCountry "MEX"]
[EventCategory "21"]
[SourceTitle "CBM 120"]
[Source "ChessBase"]
[SourceDate "2007.10.02"]
[SourceVersion "1"]
[SourceVersionDate "2007.10.02"]
[SourceQuality "1"]

1. d4 Nf6 2. c4 e6 3. g3 d5 {Frankly speaking, it seems to me that entering
the Catalan paths against Kramnik nowadays is a bit like playing with fire.
This subtle opening seems to suit the World Champion's present personality and
style perfectly. In this game, he will once again prove his deep opening
preparation and only a time trouble miracle will save Grischuk. Sinceramente,
me parece que entrar en una Catalana contra Kramnik es como jugar con el fuego.
Esta sútil apertura parece ajustarse perfectamente al estilo y a la
personalidad actual del Campeón Mundial. En esta partida, él demostrara una
vez mas su profunda preparación teórica y solo un milagro en apuros de tiempo
le salvó a Grischuk.} 4. Bg2 Be7 5. Nf3 O-O 6. O-O dxc4 7. Qc2 a6 8. Qxc4 b5 9.
Qc2 Bb7 10. Bd2 Ra7 11. a3 $5 {A very rare move. White usually develops his
king's rook to c1 or d1, waiting for Black to develop his knight, in order to
play Ba5. Kramnik seems to believe that the modest advance of the a-pawn,
keeping the enemy pawns under control, is a more useful waiting move. Una
jugada muy poco frecuente. Normalmente, las blancas desarrollan su torre de
rey a c1 o d1, esperando a que las negras desarrollen su caballo para
contestar con Ba5. Kramnik parece pensar que el modesto avance del peón es una
jugada de espera más útil, al mantener los peones enemigos bajo control.} ({
I will mention here a game where the idea of sacrificing the c7-pawn was seen
for the first time in this variation.} 11. Rc1 Be4 12. Qb3 Nbd7 {Das ist ein
guter Platz für den Springer - Schwarz möchte mit c7-c5 die Partie ausgleichen.
} 13. Ba5 Qa8 $5 {[%csl Ga8,Ge4][%cal Ga8g2] Nielsen,P (2668)-Leko,P (2763)/
Dortmund 2005/CBM 108/[Ribli] (0-1, 60) Eine starke Neuerung von Leko, die die
Batterie Qa8-Be4 sehr angriffsstark werden lässt.}) 11... Nbd7 $146 ({In
practice, Black did OK after} 11... Be4 12. Qc1 {, but the objective merits of
the position remain unclear yet.} a5 (12... Nbd7 13. Ba5 Qa8 14. Nbd2 $5 (14.
Nc3 Bc6 15. Re1 Ne4 16. b4 Bd6 17. a4 Nxc3 18. Qxc3 Nf6 19. Nh4 {1/2-1/2
Atalik,E (2399)-Bensdorp,M (2230)/Wijk aan Zee 2006/CBM 111}) 14... Bd5 15. b4
Nb8 (15... Ne4 16. Nxe4 Bxe4 17. Ra2 $14 {We can see here one of the hidden
ideas behind the modest advance of the a-pawn: the a2-square is cleared for
the queen's rook, allowing the increase of the pressure along the c-file.}) 16.
Ne1 Bxg2 (16... Nc6 17. Nb3 $1 $14 {[%cal Ya1a2,Yg2d5,Ye1d3,Ya2c2,Yf1d1]}) 17.
Nxg2 Qd5 18. Qc3 Rd8 19. Nb3 $14) 13. Nc3 (13. a4 b4 14. Bg5 Nbd7 15. Nbd2 Bd5
{><b3} 16. Qc2 c5 $132) 13... Bc6 14. Bg5 Nbd7 15. Qe3 Qa8 16. Rfc1 Rc8 {
1/2-1/2 Kveinys,A (2510)-Rustemov,A (2564)/Lubniewice 2005/CBM 108 ext. Black
has a solid position, but has not managed to neutralize White's advantage of
space in any way. He is far from carrying out the thematic breaks ...c5 or ...
e5.} 17. a4 $5 $14) 12. Ba5 Qa8 $5 ({Grischuk aims for rapid activation of his
pieces, probably with the secret hope to surprise his well prepared opponent.
If the latter is true, a bitter disappointment awaited him... A more common
continuation would have been Grischuk aspira a activar sus figuras con rapidez,
posiblemente albergando la esperanza secreta de sorprender a su muy bien
preparado rival. Si eso último es verdad, le esperaba un amargo desengaño...
Una continuación mas conforme con la teória sería} 12... Be4 13. Qc1 Qb8 14.
Nbd2 Ba8 15. b4 {White has stabilized the queenside and could think about
gradual central expansion. y las blancas han estabilizado el flanco de dama,
pudiendo pensar en una expansión lenta en el centro.}) 13. Qxc7 {Played
without too much thought. Efectuada casi sin pensar.} Rc8 ({The discovered
attack} 13... Bxf3 {is not dangerous because of} 14. Bxf3 {. White seems to
maintain an edge in the endgame:} Rxc7 15. Bxa8 Rc4 (15... Rc2 16. Bf3 e5 17.
e3 exd4 18. exd4 Rxb2 19. Rc1 $14 {[%csl Yd7,Gf3]}) 16. Bg2 (16. Bf3 $5 Rxd4
17. Nd2 Ne5 18. Bg2) 16... Rxd4 17. Nd2 $14) 14. Qf4 Rc2 15. Nbd2 Rxb2 16. Rfc1
Nd5 17. Qe4 {Up to this moment, Kramnik had spent less than a quarter of an
hour. Quite suggestive for the degree of successf of Grischuk's surprise... En
este momento, Kramnik había gastado menos de un cuarto de hora. Bastante
sugestivo para el grado de éxito de la sorpresa de Grischuk...} b4 $5 {[%cal
Ga5d2]} 18. Qd3 (18. axb4 $6 Rxd2 $1 19. Nxd2 N5f6 20. Qd3 Bxg2 21. f3 Bh3 $13)
18... bxa3 19. Nc4 Bc6 (19... Rb5 20. Bd2 $1 $14 {[%cal Yc4a3]}) 20. Nxa3 Bb5
21. Nc4 Bb4 22. Qd1 Bxc4 23. Rxc4 Bxa5 24. Rxa5 $14 {White has the more
compact pawn structure and a very strong light-squared bishop, but the a6-pawn
should be kept under permanent surveillance. This position might have caused
Kramnik contradictory feelings. To a certain extent, the position is similar
to the first game of his match against Topalov. On that occasion, he had to
defend for a long time on the edge of the precipice, but eventually won.
However, there are two significant differences compared to that game. The
a-pawn is blocked in safer way, while the presence of queens on board prevents
Black from carrying out Topalov's plan based on ...g5-g4. Las blancas tienen
estructura algo más compacta y un fortisimo alfil de casillas blancas. Sin
embargo, puede que esta posición le hubiera provocado a Kramnik emociones
contradictorías, al parecerse bastante con la primera partida del match contra
Topalov. En aquella ocasión, Kramnik tuvo que defenderse por mucho rato al
borde del precipicio, pero acabo ganando.} Qb8 25. Nd2 N5b6 ({The attempt to
unblock the pawn with} 25... Qd8 {fails to} 26. Qc1 $1 {[%cal Yc4c8]} Rb8 27.
Qa1 $16) 26. Rc1 g6 27. Ne4 Rb5 28. Ra2 a5 {Black has managed to unblock his
pawn, but White's coordination remains better.} 29. Nc5 $16 {We can notice a
further difference compared to the game against Topalov. Instead of a pair of
knights, White has a knight and a bishop, which ensures the c5-knight another
possible outpost on b7.} Qd6 30. Nb7 Qb8 31. Qd3 $1 Rh5 {There was no other
way to keep the pawn defended.} 32. Nc5 $1 {The knight has return to the base,
after having isolated the enemy rook from the main theatre of operations.} Nd5
33. Qc4 N5b6 34. Qc3 Nd5 35. Qa1 Nxc5 36. Rxc5 {The pawn cannot be saved
anymore. El peón ya no puede ser salvado.} Nb4 (36... a4 37. Bf3 Rg5 38. Qc1 {
[%csl Gc8,Gg5]} (38. Rxa4 $4 Rxa4 39. Qxa4 Qb1+ 40. Kg2 Nf4#) 38... Kg7 $1 39.
Qxg5 Qb1+ 40. Kg2 Qxa2 41. Qe5+ (41. Bxd5 exd5 42. Qe5+ f6 43. Qb8 $40 {
[%csl Ya4,Yd5,Yg7]}) 41... f6 (41... Nf6 42. g4 h6 43. h4 $18) (41... Kh6 42.
Qb8 Rd7 43. Qf8+ $18) 42. Qd6 $40 (42. Qxe6 $4 Nf4+ $1 $19)) 37. Raxa5 Nc2 38.
Rxa7 $6 ({This spectacular move lets part of the advantage slip away. Esta
espectacular jugada deja escapar la ventaja de las blancas.} 38. Qa2 $1 {
would have won the pawn and, most probably, the game. hubiera ganado el peón y,
probablemente, la partida.}) 38... Nxa1 39. Ra8 Qxa8 40. Bxa8 Rxc5 41. dxc5 Kf8
42. c6 Ke7 43. c7 Kd7 44. Bc6+ Kxc7 45. Ba4 {White still has some winning
chances. The knight is isolated in the corner, while the black pawns are
vulnerable. A new miracle is needed in order to save Black's game... Las
blancas siguen teniendo algunas chances de victoría. El caballo está aislado
en el rincón, mientras que los peones negros son bastante vulnerables. Será
necesarío otro milagro más.} Kb6 46. Kg2 (46. Be8 $5 {is an important
alternative. The following analysis was provided by Jordan Kirchev from London.
} f6 47. Bf7 e5 48. Bg8 h6 49. Kg2 {"Black cannot move the knight to b3 or c2 
(because of Bh7 pininng the g6-pawn to the knight)."} Kc5 ({"If Black tries to
activate the knight by} 49... g5 $5 {then} 50. Kh3 $1 {aiming for the f6- or
h6-pawn."} Nc2 51. Kg4 Nd4 52. e3 $18) 50. Kh3 Kd6 51. Bh7 g5 52. Kg4 {with 53.
Kh5 and Kxh6 to follow.}) 46... Kc5 47. Kf3 Kb4 48. Be8 f6 49. Bf7 Nb3 {
Indirectly defending the pawn and winning an essential tempo. Defendiendo el
peón de forma indirecta y ganando un tiempo esencíal.} 50. e3 ({SImpler would
have been} 50. Bg8 {, for instance} h6 (50... Nd4+ 51. Ke3 Nf5+ 52. Ke4 Ne7 53.
Bxe6 $18 {There is such a theoretical winning position for White: the f-pawn
disappear (after f4 and e5) and the black king returns home. One of the main
reasons for Black's failure to hold the position is that the h7- and g6-pawns
are very vulnerable. However, Black is in an even worse situation here,
because his king is cut off the rest of the army.}) 51. Bf7 g5 52. Kg4 {
and Black is in big danger.}) (50. Kg4 $5) 50... Nc5 51. h4 $2 {This seems to
be the final mistake. White weakens the g3-pawn and facilitates the exchange
of one pair of pawns, something he should not be interested in.} (51. Bg8 h6
52. Bf7 g5 53. Kg4 f5+ 54. Kh5 g4 55. Kxh6 Kc4 56. Bxe6+ Nxe6 57. Kg6 Nc5 58.
Kxf5 Ne4 59. Kxg4 Nxf2+ 60. Kf5 $18 {Lebedev.}) 51... Kc3 52. Bg8 h6 53. Bf7 g5
54. Kg4 Ne4 55. hxg5 hxg5 56. Bxe6 Nxf2+ 57. Kf5 Kd3 {The incredible has just
happened. Black's pieces came back into play just in time. Lo increíble ha
pasado. Las figuras negras han llegado justo a tiempo.} 58. Kxf6 Ne4+ 59. Kg6
Nxg3 60. Kxg5 Kxe3 1/2-1/2